Color In: Tennessee Titans Quiz Stats

Quiz not verified by Sporcle

Challenge
Share
Tweet
Score 0/5 Timer 01:00
0 Plays Today
% Correct
Dark Blue
77.7%
Red
66.1%
Grey
65.4%
White
63.5%
Light Blue
63.3%

You're not logged in!

Compare scores with friends on all Sporcle quizzes.
Sign Up with Email
OR
Log In

You Might Also Like...

Show Comments

Extras

Top Quizzes Today


Score Distribution

Your Account Isn't Verified!

In order to create a playlist on Sporcle, you need to verify the email address you used during registration. Go to your Sporcle Settings to finish the process.

Report this User

Report this user for behavior that violates our Community Guidelines.

Details: